000 01333cam a22002174a 4500
005 20250605164328.0
008 250528s ||||||||||||||||||||||||d
035 _a23145
020 _a9780130994081
040 _aGR-AtMCL
_bgre
_dGR-AtMCL
_eAACR2
245 1 _aAn Introduction to Health Psychology
250 _a1st
260 _bPearson - Prentice Hall,
_c2006
300 _a622
520 _aThis book is a new and stimulating European textbook providing a valuable and engaging introduction to the field of Health Psychology. Preface, Acknowledgements, Being and Staying Healthy, What is Health?, Health Inequalities, Health - Risk Behaviour, Health - Enhancing Behaviour, Predicting Health Behaviour, Reducing Risk of Disease - Individual Approaches, Population Approaches to Public Health, Becoming Ill, The Body in Health and Illness, Symptom Perception and Interperception and Response, The Consultation and Beyond, Stress and Health and Illness: Theory, Stress and Illness Moderators, Managing Stress, Being Ill, The Impact of Illness on Quality of Life, The Impact of Illness on Patients and Their Families, Pain, Improving Health and Quality of Life, Futures, Glossary, References, Index.
700 1 _aBennett Paul
_94034
700 1 _aMorrison Val
_98713
942 _cBK
999 _c8175
_d8175